000 00234 a2200109 4500
020 _a9789996404146
041 _aeng
100 _aRolando Ernesto Tellez
245 _aRuben Dario y Centenary of his Death
942 _cBK
952 _74
999 _c16568
_d16568